Calvillo, Aguascalientes : (Record no. 217292)
[ view plain ]
| 000 -CABECERA | |
|---|---|
| campo de control de longitud fija | 00779nem a2200253 i 4500 |
| 003 - IDENTIFICADOR DEL NÚMERO DE CONTROL | |
| campo de control | OSt |
| 005 - FECHA Y HORA DE LA ÚLTIMA TRANSACCIÓN | |
| campo de control | 20220629005909.0 |
| 006 - CÓDIGOS DE INFORMACIÓN DE LONGITUD FIJA--CARACTERÍSTICAS DEL MATERIAL ADICIONAL | |
| campo de control de longitud fija | a|||||r|c||a | 0 |
| 007 - CAMPO FIJO DE DESCRIPCIÓN FÍSICA--INFORMACIÓN GENERAL | |
| campo de control de longitud fija | aj ca||a |
| 008 - DATOS DE LONGITUD FIJA--INFORMACIÓN GENERAL | |
| campo de control de longitud fija | 220621s1975 mx ||||| |a||a 0| 0 spa d |
| 034 ## - DATOS MATEMÁTICOS CARTOGRÁFICOS CODIFICADOS | |
| Tipo de escala | 1:5000 |
| 040 ## - FUENTE DE LA CATALOGACIÓN | |
| Centro/agencia transcriptor | CHAP |
| 041 ## - CÓDIGO DE LENGUA | |
| Código de lengua del texto/banda sonora o título independiente | ESP |
| 043 ## - CÓDIGO DE ÁREA GEOGRÁFICA | |
| Código de área geográfica | MX |
| 110 0# - ENTRADA PRINCIPAL--NOMBRE DE ENTIDAD CORPORATIVA | |
| 9 (RLIN) | 25677 |
| Nombre de entidad corporativa o nombre de jurisdicción como elemento de entrada | Comisión de Estudios del Territorio Nacional. México |
| 245 ## - MENCIÓN DE TÍTULO | |
| Título | Calvillo, Aguascalientes : |
| Resto del título | Fotografía aérea. |
| Mención de responsabilidad, etc. | / Comisión de Estudios del Territorio Nacional |
| 255 ## - DATOS MATEMÁTICOS CARTOGRÁFICOS | |
| Mención de escala | 1:5000 |
| 264 ## - PRODUCCIÓN, PUBLICACIÓN, DISTRIBUCIÓN, FABRICACIÓN Y COPYRIGHT | |
| Producción, publicación, distribución, fabricación y copyright | Ciudad de México : |
| Nombre del de productor, editor, distribuidor, fabricante | CETENAL, |
| Fecha de producción, publicación, distribución, fabricación o copyright | 1971. |
| 300 ## - DESCRIPCIÓN FÍSICA | |
| Extensión | Una fotografía aérea |
| 490 ## - MENCIÓN DE SERIE | |
| Mención de serie | Fotografía aérea. |
| 507 ## - NOTA DE ESCALA PARA MATERIAL GRÁFICO | |
| Nota de escala o de fracción representativa | Escala aproximada. |
| 651 #0 - PUNTO DE ACCESO ADICIONAL DE MATERIA--NOMBRE GEOGRÁFICO | |
| 9 (RLIN) | 185158 |
| Nombre geográfico | Calvillo, Aguascalientes. México |
| Subdivisión general | Fotografía aérea |
| Subdivisión de forma | Mapa |
| 942 ## - ELEMENTOS DE PUNTO DE ACCESO ADICIONAL (KOHA) | |
| Fuente del sistema de clasificación o colocación | Dewey Decimal Classification |
| Tipo de ítem Koha | Mapa |
| Estado de retiro | Estado de pérdida | Fuente del sistema de clasificación o colocación | Estado dañado | Restricciones de uso | No para préstamo | Código de colección | Localización permanente | Ubicación/localización actual | Ubicación en estantería | Fecha de adquisición | Total de préstamos | Código de barras | Fecha visto por última vez | Precio válido a partir de | Tipo de ítem Koha |
|---|---|---|---|---|---|---|---|---|---|---|---|---|---|---|---|
| Clasificación Universidad Autónoma de Chapingo | Préstamo interno2 | Mapas | Biblioteca Central | Biblioteca Central | Planta baja - Mapoteca | 04/08/2022 | BC_344138 | 04/08/2022 | 04/08/2022 | Mapa |
